000 00474nam a2200181Ia 4500
001 18641
005 20260306171645.0
008 260306s9999||||xx |||||||||||||| ||und||
041 _aESP
082 _a658.4092
_bP77
100 _aPonti, Franc
_eAUT
245 0 _aPasión por innovar:
_bun modelo novedoso que incentiva la creatividad empresarial
260 _c2011
300 _a290 páginas :
_c23 cm.
650 _aGEN
654 _aCAN
942 _cLIB
_dJUS
_fJUS
_2ddc
_n
999 _c18641
_d18641